000 00489 a2200169 4500
999 _c169
_d169
020 _a0534217869
050 _aBF637 KAZ 1993
100 _aKazdin, Alan E. /
_eAuthor
245 _aBehavior modification in applied settings /
_cAlan E. Kazdin
264 _aCalifonia :
_bBrooks/Cole Publishing Co.
_c1993
300 _axiii,508p.
500 _aIncludes Index
650 _aBehavior modification.
650 _aBehavior Therapy
650 _aChild.
942 _2lcc
_cBK
_e5th ed.
_h637
_iKAZ
_kBF